Integration of green and renewable energy in electric power systems / (Record no. 356049)
[ view plain ]
| 000 -LEADER | |
|---|---|
| fixed length control field | 01897cam a2200373 a 4500 |
| 001 - CONTROL NUMBER | |
| control field | 15839310 |
| 003 - CONTROL NUMBER IDENTIFIER | |
| control field | USPCAS-E |
| 005 - DATE AND TIME OF LATEST TRANSACTION | |
| control field | 20180118181422.0 |
| 008 - FIXED-LENGTH DATA ELEMENTS--GENERAL INFORMATION | |
| fixed length control field | 090728s2010 njua b 001 0 eng |
| 010 ## - LIBRARY OF CONGRESS CONTROL NUMBER | |
| LC control number | 2009028767 |
| 015 ## - NATIONAL BIBLIOGRAPHY NUMBER | |
| National bibliography number | GBA941984 |
| Source | bnb |
| 016 7# - NATIONAL BIBLIOGRAPHIC AGENCY CONTROL NUMBER | |
| Record control number | 015170030 |
| Source | Uk |
| 020 ## - INTERNATIONAL STANDARD BOOK NUMBER | |
| International Standard Book Number | 9780470187760 |
| 020 ## - INTERNATIONAL STANDARD BOOK NUMBER | |
| International Standard Book Number | 047018776X |
| 035 ## - SYSTEM CONTROL NUMBER | |
| System control number | (OCoLC)ocn298775854 |
| 040 ## - CATALOGING SOURCE | |
| Original cataloging agency | DLC |
| Transcribing agency | DLC |
| Modifying agency | BTCTA |
| -- | YDXCP |
| -- | TTU |
| -- | C#P |
| -- | CDX |
| -- | AGL |
| -- | UKM |
| -- | DLC |
| 050 00 - LIBRARY OF CONGRESS CALL NUMBER | |
| Classification number | TK1006 |
| Item number | .K44 2010 |
| 082 00 - DEWEY DECIMAL CLASSIFICATION NUMBER | |
| Classification number | 621.3121 |
| Edition number | 22 |
| Author Mark | KEY-I 2010 |
| 100 1# - MAIN ENTRY--PERSONAL NAME | |
| Personal name | Keyhani, Ali, |
| Dates associated with a name | 1942- |
| 245 10 - TITLE STATEMENT | |
| Title | Integration of green and renewable energy in electric power systems / |
| Statement of responsibility, etc. | Ali Keyhani, Mohammad N. Marwali, Min Dai. |
| 260 ## - PUBLICATION, DISTRIBUTION, ETC. | |
| Place of publication, distribution, etc. | Hoboken, N.J. : |
| Name of publisher, distributor, etc. | Wiley, |
| Date of publication, distribution, etc. | c2010. |
| 300 ## - PHYSICAL DESCRIPTION | |
| Extent | xi, 313 p. : |
| Other physical details | ill. ; |
| Dimensions | 25 cm. |
| 502 ## - DISSERTATION NOTE | |
| Dissertation note | . |
| 504 ## - BIBLIOGRAPHY, ETC. NOTE | |
| Bibliography, etc. note | Includes bibliographical references and index. |
| 505 0# - FORMATTED CONTENTS NOTE | |
| Formatted contents note | Smart grid distributed generation systems -- Inverter control voltage and current in distributed generation systems -- Parallel operation of inverters in distributed generation systems -- Power converter topologies for distributed generation systems -- Voltage and current control of a three-phase four-wire distributed generation (DG) inverter in island mode -- Power flow control of a single distributed generation unit -- Robust stability analysis of voltage and current control for distributed generation systems -- PWM rectifier control for three-phase distributed generation system -- MATLAB simulink simulation testbed. |
| 650 #0 - SUBJECT ADDED ENTRY--TOPICAL TERM | |
| Topical term or geographic name entry element | Distributed generation of electric power. |
| 650 #0 - SUBJECT ADDED ENTRY--TOPICAL TERM | |
| Topical term or geographic name entry element | Electric current converters. |
| 650 #0 - SUBJECT ADDED ENTRY--TOPICAL TERM | |
| Topical term or geographic name entry element | Renewable energy sources. |
| 700 1# - ADDED ENTRY--PERSONAL NAME | |
| Personal name | Marwali, M. |
| 700 1# - ADDED ENTRY--PERSONAL NAME | |
| Personal name | Dai, Min. |
| 906 ## - LOCAL DATA ELEMENT F, LDF (RLIN) | |
| a | 7 |
| b | cbc |
| c | orignew |
| d | 1 |
| e | ecip |
| f | 20 |
| g | y-gencatlg |
| 942 ## - ADDED ENTRY ELEMENTS (KOHA) | |
| Source of classification or shelving scheme | |
| Koha item type | Book |
| Withdrawn status | Lost status | Source of classification or shelving scheme | Damaged status | Not for loan | Collection code | Permanent Location | Current Location | Shelving location | Date acquired | Source of acquisition | Cost, normal purchase price | Total Checkouts | Full call number | Barcode | Date last seen | Price effective from | Koha item type |
|---|---|---|---|---|---|---|---|---|---|---|---|---|---|---|---|---|---|
| US-Pakistan Center for Advanced Studies in Energy (USPCAS-E) | US-Pakistan Center for Advanced Studies in Energy (USPCAS-E) | 02/09/2016 | Golden books | 9374.00 | 621.3121 KEY-I 2010 | CAS-E0001287 | 02/09/2016 | 02/09/2016 | Book |
